| 000 | 00699nam a2200205 a 4500 | ||
|---|---|---|---|
| 001 | 000044164 | ||
| 005 | 20240705073647.0 | ||
| 008 | 110613s2006 dr 000 0 spa d | ||
| 020 | _a9945405659 | ||
| 040 |
_aDO-SdBNP _bspa _cBNPHU |
||
| 100 | 1 |
_aHostos, Eugenio María de, _d1839-1903 _91352 |
|
| 245 | 1 | 0 |
_aEl barco de papel / _cEugenio María de Hostos ; editor Tomás Castro Burdiez. |
| 250 | _a3a ed. | ||
| 260 |
_aSanto Domingo : _bFundación para la Educación y el Arte., _c2006. |
||
| 300 |
_a16 p. ; _c22 cm. |
||
| 490 | 1 |
_aCadernos educativos y culturales _v17 |
|
| 700 |
_aCastro, Tomás, _d1959- _eed. _924641 |
||
| 830 | 0 |
_aCadernos educativos y culturales _v17 _957551 |
|
| 049 | _aBNPD | ||
| 999 |
_c43653 _d43653 |
||